00346nam a2200145Ia 4500008004100000020001500041041001200056082001600068100001600084245005100100250000800151260002500159300000800184650000800192221030s9999 xx 000 0 und d a0074601059 aEnglish a105.23bDha aA. M. Dhake 0aTelevision & Video Engineeringcby A. M. Dhake a2nd bTMHaNew Delhic2002 a646 aECE